1280 1046 1951 1318 1322 1054 1608 1299 1795 1836 1164 1371 1280 1588 1910 1836 1977 1572 1857 1816 1312 1686 1178 1476 1877 1687 1354 1198 1854 1371 1091 1954 1087 1995 1415 1123 1681 1649 1793 1833 1437 1710 1578 1426 1695 1195 1003 1854 1674 1035 1659 1818 1967 1199 1592 1430 1552 1821 1048 1561 1044 1529 1905 1138 1230 1669 1333 1228 1953 1060 1459 1573 1630 1140 1640 1421 1457 1732 1333 1941 1045 1453 1095 1679 1108 1591 1229 1579 1557 1537 1419 1881 1909 1238 1483 1807 1789 1906 1941 BCNSPRNW ULIB Ver.6.0+V

เปลี่ยนเป็นภาษาไทย

Change to English
 แสดงรายละเอียดบรรณานุกรม
  กลับหน้าหลัก

Brief Record : Get Marc (ISO 2709) : E-mail record : QR code < ปิดหน้าต่าง
LEADER : 00000nam 2200000uu 4500
001    13399113865
003     ULIB
008    120110s||||||||th 000 0 tha d
099    วจ.WY18.2^bช616ผ
100 0  ชุติพร จริตงาม
245 00 ผลของการเรียนรู้ของนักศึกษาพยาบาลต่อการ เรียนด้วยบทเรียนคอมพิวเตอร์ช่วยสอน เรื่องโรคเบาหวาน/^cชุติพร จริตงาม
260    นครสวรรค์ :^bวิทยาลัยพยาบาลบรมราชชนนี สวรรค์ประชารักษ์ นครสวรรค์,^c2554
300    88 หน้า
650  7 คอมพิวเตอร์ช่วยสอน^xวิจัย
650  7 การเรียนการสอน^xวิจัย
650  7 โรคเบาหวาน^xสื่อการสอน^xวิจัย
710 1  วิทยาลัยพยาบาลบรมราชชนนี สวรรค์ประชารักษ์ นครสวรรค์
945    ^p0^l0^i030928
995    ทศพร
999 ^a ทศพร
รายการนี้ยังไม่มีแท็ก
คุณยังไม่ได้ล็อกอิน คุณสามารถมีกิจกรรมร่วมกับเว็บไซต์ได้ แต่ต้องล็อกอินก่อน ::
  ล็อกอิน

รายการสื่อสารสนเทศ

ลำดับที่ ประเภท เลขเรียก/บาร์โค้ด สถานที่ สถานะ
1. งานวิจัย
งานวิจัย
วจ.WY18.2 ช616ผ ฉ.1 
  Barcode: 030928
ห้องสมุดวิทยาเขตสวรรค์ประชารักษ์
►วิจัย
บนชั้น

รายการใกล้เคียง
    ผู้แต่ง [ชุติพร จริตงาม]

BibComment


ยังไม่เคยถูกคอมเมนท์

คอมเมนท์ทรัพยากรรายการนี้
  คอมเมนท์: ผลของการเรียนรู้ข..


 Copyright 2026. Bcnsprnw @Library